000 01791njm a2200301Ia 4500
001 E7844
003 IT-RoPAU
005 20220918181129.0
008 131025s9999 xx 000 0 und d
040 _aIT-RoPAU
040 _cIT-RoPAU
041 _aITALIANO
999 _c100405
_d100405
999 _bn.d.
100 _aDe Curtis Antonio (=Totò )
_932059
100 _eAutore musica
_932060
100 _gCodice autore musica SPICS: 25255
_932061
245 _aCanzoni di Totò (Le)
250 _a1a ed.
260 _aITALIA
260 _bPOLYGRAM
_c1997 [1a Ed.:1997 - Ed. Lingua Orig.: 1997]
300 _aCOMPACT DISC
300 _c47 minuti (Testo: pag.)
500 _aMusica leggera. Canzone italiana. Canzone napoletana.
505 _aMalafemmena [(1951) (Rondinella Giacomo)] - Le Lavandou [(1961)(Togliani Achille)] - Scettico napoletano (Gallo Nunzio) - Piccerella, piccerè [(1961) (Taranto Nino)] - Nemica [(1954) (Murolo Roberto)] - Con te [(1954) (Otto Natalino, Morosini Licia)] - Nel paese dei balocchi (Totò, Castellani Mario) - Marcello il bello [(1942) (Totò)] - Core analfabeta [(1955) (dal film "Uomini o caporali")] - Miss, mia cara miss (dal film "Totò a Parigi") - La mazurka di Totò (dal film "Totò le Mokò") - Geppina Gepi (dal film "Risate di gioia") - Veleno [(Totò e I Rokes) (dal film "Rita la figlia americana")] - La cammesella [(Stellato, Melber)(dal film "Siamo uomini o caporali")] - Il bel Ciccillo [(Capaldo, Trusiano) (dal film "Yvonne la nuit")] - Nun si na femmina [(Bonagura)(dal film "Totò terzo uomo")] - Margherita (dal film "L'allegro fantasma") - 'A livella.
650 _aCANZONE [COMPACT DISC]
_eCodice MATERIA SPICS: 9949
_930149
700 _aDe Curtis Antonio (=Toto)
_gCodice interprete SPICS: 25255
_eInterprete
_932062
942 _cCD
_2ddc